Centenario della morte
保存先:
| 第一著者: | |
|---|---|
| フォーマット: | 図書 |
| 言語: | スペイン語 |
| 出版事項: |
Roma
Dal Primo Centro Studi su Rojo
1986
|
| 主題: | |
| タグ: |
タグ追加
タグなし, このレコードへの初めてのタグを付けませんか!
|
MARC
| LEADER | 00000nam a2200000 a 4500 | ||
|---|---|---|---|
| 001 | UCI6764 | ||
| 003 | CL-VaPUC | ||
| 008 | 080523e19860000IT |||||||||||||||||spa|d | ||
| 082 | 0 | 4 | |a 291.23 |b SFA |2 21 |
| 100 | 0 | |a Sfarra da Rojo, Paolo |e author |9 529755 | |
| 245 | 1 | 0 | |a Centenario della morte |
| 300 | |a 23 p | ||
| 942 | |c BK | ||
| 945 | |d 20080523 00:00:00 |a jtorresc | ||
| 260 | |a Roma |b Dal Primo Centro Studi su Rojo |c 1986 | ||
| 500 | |a Donación Padres Capuchinos | ||
| 650 | 0 | |a Muerte |9 265114 | |
| 650 | 0 | |a Aspectos religiosos |9 257320 | |
| 583 | |a last modification |c 20080523 00:00:00 |k Rodrigo Vera | ||
| 999 | |c 330213 |d 330211 | ||
| 952 | |0 0 |1 0 |4 0 |6 291_230000000000000_SFA_1986 |7 0 |8 X |9 415648 |a FDOBUD |b FDOBUD |d 2019-11-22 |i 4442717 |o 291.23 SFA 1986 |p 4442717 |r 2019-11-22 |w 2019-11-22 |y BK_X |k BUD | ||
| 952 | |0 0 |1 0 |4 0 |6 291_230000000000000_SFA_1986 |7 0 |8 X |9 415649 |a FDOBUD |b FDOBUD |d 2019-11-22 |i 4442725 |o 291.23 SFA 1986 |p 4442725 |r 2019-11-22 |w 2019-11-22 |y BK_X |k BUD | ||